01104cam a22003013a 4500001000500000005001700005008004100022020002200063040002300085050001300108082000800121100001900129245012200148260003500270300004000305490004700345500003200392505000800424520014000432521002000572521002000592650003100612650003000643650003500673655003000708700003900738700002500777101220230815151128.0020116s2002 nyua j 000 1 eng d a043930931X (pbk.) aFARcFARdDLCbeng00aPZ7.P915 aFic1 aPreller, James14aThe case of the buried treasure /cby James Preller ; illustrated by Jamie Smith ; cover illustration by R. W. Alley. aNew York :bScholastic,c2002. a106 pages :billustrations ;c20 cm1 aA Jigsaw Jones mystery ;vsuper special #1 a"A Little Apple paperback." aJ  a"What's bright and shiny and hard to find? Buried treasure! Jigsaw's class finds a hidden riddle that leads them on a treasure hunt..." a490 bLexile  aJ bRaz-Plus  0aTreasure huntingvFiction. 0aTreasure trovesvFiction. 1aMystery and detective stories. 7aChildren's stories.2lcsh1 aSmith, Jamie,d1971-eillustrator.1 aAlley, R. W.,d1955-